Zwierzęta na zdjęciu #1 - Statystyki

Ogólne statystyki
  • Ten quiz został rozwiązany 676 razy
  • Średni wynik to 8 z 8
Statystyki odpowiedzi
Obrazkowy Odpowiedź % Poprawnych
Słoń afrykański
100%
Tygrys azjatycki
99%
Wilk szary
99%
Jeleń szlachetny
97%
Bocian biały
95%
Hipopotam nilowy
95%
Sarna europejska
92%
Orangutan borneański
86%
Nie znaleziono quizów pasujących do podanych kryteriów
Rozkład punktacji
Procent ludzi z każdym wynikiem
Percentyl według liczby udzielonych odpowiedzi
Twoja historia wyników
Nie rozwiązałeś tego quizu